Развитие социолого-психологических исследований - важнейшее условие перехода регионов к рыночной экономике; Субъекты Российской Федерации в условиях реформ

Detaylı Bibliyografya
Parent link:Субъекты Российской Федерации в условиях реформ.— 1995.— С. 28
Yazar: Камышев Э. Н. Эдуард Николаевич
Dil:Rusça
Baskı/Yayın Bilgisi: 1995
Konular:
Materyal Türü: MixedMaterials Kitap Bölümü
KOHA link:https://koha.lib.tpu.ru/cgi-bin/koha/opac-detail.pl?biblionumber=216906

MARC

LEADER 00000naa2a2200000 4500
001 216906
005 20231031194401.0
035 |a (RuTPU)RU\TPU\book\236881 
035 |a RU\TPU\book\186473 
090 |a 216906 
100 |a 20120529d1995 k y0rusy50 ca 
101 0 |a rus 
102 |a RU 
200 1 |a Развитие социолого-психологических исследований - важнейшее условие перехода регионов к рыночной экономике  |f Э. Н. Камышев 
463 0 |0 (RuTPU)RU\TPU\book\43  |t Субъекты Российской Федерации в условиях реформ  |o материалы Российской научной конференции, посвященной 50-летию Томской области и 90-летию экономического образования в ТПУ  |v С. 28  |n [Б. и.]  |d 1995  |p 132 с. 
610 1 |a труды учёных ТПУ 
700 1 |a Камышев  |b Э. Н.  |c российский ученый  |c профессор кафедры социологии, психологии и права ТПУ  |f 1943-  |g Эдуард Николаевич  |2 stltpush  |3 (RuTPU)RU\TPU\pers\19796 
801 1 |a RU  |b 63413507  |c 20091209 
801 2 |a RU  |b 63413507  |c 20120920  |g RCR 
942 |c BK